|
|
|
|
| LEADER |
01246nam a2200241 a 4500 |
| 001 |
GR-MES15226 |
| 008 |
090604s2007 nyu b 001 0 eng d |
| 020 |
|
|
|z 0-387-20334-8
|
| 040 |
|
|
|a GrPaTEI
|b gre
|c GR-PaULI
|
| 040 |
|
|
|a GrPaTEI
|b gre
|c GR-PaULI
|
| 100 |
1 |
|
|a Wu, Rongling
|
| 245 |
1 |
0 |
|a Statistical genetics of quantitative traits :
|b Linkage, maps, and QTL /
|c Rongling Wu, Chang-Xing Ma, George Casella.
|
| 260 |
|
|
|a New York :
|b Springer,
|c c2007
|
| 300 |
|
|
|a xvi., 365 σ. :
|b διαγ. ;
|c 24 εκ.
|
| 490 |
0 |
|
|a Statistics for biology and health
|
| 504 |
|
|
|a Περιλαμβάνει βιβλιογραφικές αναφορές και ευρετήριο.
|
| 700 |
1 |
|
|a Casella, George
|
| 700 |
1 |
|
|a Xing Ma, Chang
|
| 942 |
|
|
|2 ddc
|
| 952 |
|
|
|0 0
|1 0
|2 ddc
|4 0
|6 576_500000000000000_WU
|7 0
|9 273057
|a MSLG
|b MSLG
|c BSC
|d 2021-01-17
|e 24
|f 0
|g 0.00
|l 0
|o 576.5 WU
|p 2420000023972
|r 2021-01-17 00:00:00
|t 1
|w 2021-01-17
|y BK15
|x 20090604 0 ΤΣΑΝΤΑΡΛΙΩΤΗ 1
|x GrPaTEI
|
| 952 |
|
|
|0 0
|1 0
|2 ddc
|4 0
|6 576_500000000000000_WU
|7 0
|9 273058
|a MSLG
|b MSLG
|c BSC
|d 2021-01-17
|e 24
|f 0
|g 0.00
|l 0
|o 576.5 WU
|p 2420000023973
|r 2021-01-17 00:00:00
|t 1
|w 2021-01-17
|y BK15
|x 20090604 0 ΤΣΑΝΤΑΡΛΙΩΤΗ 1
|x GrPaTEI
|
| 971 |
|
|
|a .b25812750
|b 15-04-20
|c 13-09-16
|
| 999 |
|
|
|c 158051
|d 158051
|